Las elecciones en Colombia: análisis jurídico-político
Salvato in:
| Autore principale: | |
|---|---|
| Natura: | Libro |
| Lingua: | spagnolo |
| Pubblicazione: |
San José
Centro Interamericano de Asesoría y Promoción Electoral
1986
|
| Serie: | Cuadernos de CAPEL, 14
|
| Soggetti: | |
| Tags: |
Aggiungi Tag
Nessun Tag, puoi essere il primo ad aggiungerne!!
|
MARC
| LEADER | 00000nam a2200000 a 4500 | ||
|---|---|---|---|
| 001 | UCW8643 | ||
| 003 | CL-VaPUC | ||
| 008 | 881011e19860000CR |||||||||||||||||spa|d | ||
| 082 | 0 | 4 | |a 324.2 |b HER |2 21 |
| 100 | |a Hernández Becerra, Augusto |e author |9 528852 | ||
| 245 | 1 | 4 | |a Las elecciones en Colombia: análisis jurídico-político |
| 300 | |a 60 p | ||
| 942 | |c BK | ||
| 945 | |d 19881011 00:00:00 | ||
| 260 | |a San José |b Centro Interamericano de Asesoría y Promoción Electoral |c 1986 | ||
| 650 | 7 | |a CONSTITUCIONALIDAD |2 CL-VaPUC |9 255951 | |
| 650 | 0 | |a Jurisprudencia |9 255952 | |
| 650 | 0 | |a Derecho constitucional |9 222588 | |
| 651 | 0 | |a Colombia |9 256424 | |
| 583 | |a last modification |c 20130926 04:51:33 |k Rodrigo Vera | ||
| 490 | 0 | |a Cuadernos de CAPEL, 14 | |
| 999 | |c 220969 |d 220967 | ||
| 952 | |0 0 |1 0 |4 0 |6 324_200000000000000_HER_1986 |7 0 |8 A |9 213832 |a BIBHIS |b BIBHIS |d 2019-11-15 |i 282115K |o 324.2 HER 1986 |p 282115K |r 2025-01-20 |w 2019-11-15 |y BK |k HIS | ||
| 952 | |0 0 |1 0 |4 0 |6 324_200000000000000_HER_1986 |7 0 |8 A |9 213833 |a BIBHIS |b BIBHIS |d 2019-11-15 |i 1348582 |o 324.2 HER 1986 |p 1348582 |r 2025-01-20 |w 2019-11-15 |y BK |k HIS | ||